Thomas F. Wilson Filmography - Statistics

General Stats
  • This quiz has been taken 5 times
  • The average score is 6 of 159
Answer Stats
Type Year Name % Correct
Film 1985 Back to the Future
100%
TV Show 1991-1992 Back to the Future
100%
Film 1989 Back to the Future Part II
50%
Film 1990 Back to the Future Part III
50%
TV Show 2009 Family Guy
50%
TV Show 2006-2008 Ghost Whisperer
50%
Film 1985 L.A. Streetfighters
50%
TV Show 2022-Present Spidey and His Amazing Friends
50%
TV Show 2001-Present SpongeBob SquarePants
50%
TV Show 2021-Present The Patrick Star Show
50%
TV Show 1997, 1998 101 Dalmatians: The Series
0%
Web Series 2018-2019 3Below: Tales of Arcadia
0%
TV Show 1997 Aaahh!!! Real Monsters
0%
Film 1988 Action Jackson
0%
TV Show 2010 Adventure Time
0%
TV Show 2007 American Body Shop
0%
TV Show 2003 American Idol
0%
TV Mini-Series 1996 Andersonville
0%
Film 1986 April Fool's Day
0%
Film 2003 Atlantis: Milo's Return
0%
Film 2012 Atlas Shrugged II: The Strike
0%
TV Show 2005 A.T.O.M.: Alpha Teens on Machines
0%
TV Show 2008 Back at the Barnyard
0%
Video Game 2015 Back to the Future: The Game - 30th Anniversary Edition
0%
Theme Park Attraction 1991 Back to the Future... The Ride
0%
TV Show 1993 Batman: The Animated Series
0%
TV Show 2008, 2009 Batman: The Brave and the Bold
0%
Video Game 2010 Batman: The Brave and the Bold - The Videogame
0%
TV Show 2010, 2011 Big Love
0%
TV Pilot 2011 Billion Dollar Freshmen
0%
Film 1993 Blood In, Blood Out
0%
TV Show 2008 Bones
0%
TV Film 1992 Boris and Natasha
0%
Film 1995 Born to Be Wild
0%
TV Show 2007 Boston Legal
0%
TV Show 2003 Boston Public
0%
TV Show 2000 Buzz Lightyear of Star Command
0%
Film 1994 Camp Nowhere
0%
Film 1994 Caroline at Midnight
0%
TV Show 2006 Cold Case
0%
TV Show 1991 Comics Only
0%
Video Game 2001 Crash Bandicoot: The Wrath of Cortex
0%
Documentary 2010 Damien Making a Difference, God Making a Saint
0%
TV Show 2018-2019 DC's Legends of Tomorrow
0%
TV Short 2007 Diggs Tailwagger
0%
TV Show 2002-2003 Do Over
0%
TV Show 2017 Doubt
0%
Web Series 2015, 2016 Dragons: Race to the Edge
0%
TV Show 2012-2013 DreamWorks Dragons
0%
TV Show 1997 Duckman: Private Dick/Family Man
0%
TV Show 2003 Ed
0%
Film 2013 Epic
0%
TV Show 1997-1998 Fired Up
0%
TV Show 2011, 2012 Franklin & Bash
0%
TV Show 1999-2000 Freaks and Geeks
0%
TV Show 1995 Gamesmaster
0%
TV Show 1995-1997 Gargoyles
0%
TV Show 2005 George Lopez
0%
TV Show 1995-1996 Get Serious: Seven Deadly Sins
0%
Film 1998 Girl
0%
TV Show 2011 Harry's Law
0%
TV Show 2006-2007 Help Me Help You
0%
TV Show 2005 Higglytown Heroes
0%
Film 1992 High Strung
0%
TV Show 2007 House
0%
Film 2010 House Broken
0%
Short Documentary 2017 I Am Famous
0%
TV Show 2004 Johnny Bravo
0%
Web Series 2022 Kamp Koral: SpongeBob's Under Years
0%
TV Show 1984 Knight Rider
0%
Film 2006 Larry the Cable Guy: Health Inspector
0%
Film 1986 Let's Get Harry
0%
TV Pilot 2003 Life on Parole
0%
TV Show 1997 Lois & Clark: The New Adventures of Superman
0%
TV Show 2013 Mad
0%
TV Show 1998 Maggie
0%
TV Show 2000 Max Steel
0%
Web Series 2004 Mega64
0%
TV Show 2011 Melissa & Joey
0%
TV Film 1998 Men in White
0%
TV Film 1993 Morning Man at 88.0
0%
TV Show 2018 Mosaic
0%
Film 1994 Mr. Write
0%
TV Show 2001 Nash Bridges
0%
TV Show 2020 NCIS
0%
TV Show 1998 Oh Yeah! Cartoons
0%
TV Show 1999 Pepper Ann
0%
TV Show 2015-2017 Pig Goat Banana Cricket
0%
TV Show 1998 Pinky and the Brain
0%
TV Show 2011 Planet Sheen
0%
TV Show 2010 Politics & Poker
0%
TV Show 2009 Psych
0%
TV Show 2005 Reba
0%
Film 2011 Rio
0%
TV Show 2004 Rock Me, Baby
0%
TV Show 2005 Rodney
0%
Video Game 2002 Run Like Hell
0%
TV Show 1996 Sabrina the Teenage Witch
0%
TV Show 2016 School of Rock
0%
TV Show 2014 See Dad Run
0%
TV Show 2002 She Spies
0%
Film 1987 Smart Alex
0%
Video Game 2010 Spider-Man: Shattered Dimensions
0%
TV Special 2023 SpongeBob SquarePants Presents the Tidal Zone
0%
Video Game 2000 Star Trek Voyager: Elite Force
0%
Video Game 2011 Star Wars: The Old Republic
0%
TV Special 1997 steve.oedekerk.com
0%
TV Show 2006 Still Standing
0%
TV Show 2003 Stripperella
0%
TV Show 1996 Superman: The Animated Series
0%
TV Show 2020, 2021 Sydney to the Max
0%
Film 2010 Take 22: Behind the Scenes of Sequestered
0%
TV Show 2002 Teacher's Pet
0%
Short Film 2000 Team Boy
0%
Film 1997 That Darn Cat
0%
TV Show 1998 The Angry Beavers
0%
Film 2010 The Child Wanderers
0%
Web Series 2019 The Epic Tales of Captain Underpants
0%
TV Show 1984 The Facts of Life
0%
Film 2013 The Heat
0%
TV Show 1999 The Hughleys
0%
Film 2009 The Informant!
0%
Short Film 1989 The Last Ride
0%
TV Show 2017 The Mayor
0%
TV Show 2004 The Mullets
0%
TV Show 1998 The New Batman Adventures
0%
TV Show 2003 The Pitts
0%
Web Series 2016 The Ranch
0%
TV Show 2008-2009 The Spectacular Spider-Man
0%
Film 2015 The SpongeBob Movie: Sponge Out of Water
0%
Film 2004 The SpongeBob SquarePants Movie
0%
Podcast 2013 The Thrilling Adventure Hour: Sparks Nevada, Marshal on Mars
0%
TV Show 1989, 1990, 1991 The Tonight Show Starring Johnny Carson
0%
TV Show 2008 The World Stands Up
0%
TV Show 2001 The Zeta Project
0%
TV Show 1999 Timon & Pumbaa
0%
TV Show 2001 Titus
0%
Film 2013 Tom and Jerry's Giant Adventure
0%
Stand-Up Special 2009 Tom Wilson: Bigger Than You
0%
Documentary 2024 Tom Wilson: Humbly Super Famous
0%
Short Documentary 2016 Tom Wilson: I Am Pop Art
0%
Stand-Up Special 2005 Tom Wilson Is Funny!
0%
Stand-Up Special 1998 Tom Wilson Live!
0%
TV Show 2017 Training Day
0%
Web Series 2016-2018 Trollhunters: Tales of Arcadia
0%
TV Show 2011 True Jackson, VP
0%
TV Pilot 1990 Turner & Hooch
0%
TV Show 2003, 2006 Two and a Half Men
0%
Web Series 2017 Will vs. the Future
0%
TV Show 1996 Wing Commander Academy
0%
Video Game 1994 Wing Commander III: Heart of the Tiger
0%
Video Game 1995 Wing Commander IV: The Price of Freedom
0%
Video Game 1997 Wing Commander: Prophecy
0%
Web Mini-Series 2020 Wizards: Tales of Arcadia
0%
TV Show 2017 Workaholics
0%
TV Show 2013 Zach Stone Is Gonna Be Famous
0%
TV Show 2005 Zoey 101
0%
Film 2006 Zoom
0%
Short Film 1998 Zoomates
0%
No matching quizzes found
Score Distribution
Percent of People with Each Score
Percentile by Number Answered
Your Score History
You have not taken this quiz